Statistics for Malt Whisky Distilleries in Scotland

Click here to take the quiz!

General Stats

  • This quiz has been taken 192 times
    (124 since last reset)
  • The average score is 24 of 126

Answer Stats

Region Location Distillery % Correct
HighlandKennethmountArd{more}
62%
SpeysideAberlourAber{lour}
62%
HighlandAlnessDal{more}
62%
IslandKirkwall{Highland} Park
60%
HighlandAberfeldyAber{feldy}
60%
IslayPort EllenArd{beg}
57%
HighlandKnockKnock{dhu}
57%
SpeysideDufftownGlen{fiddich}
57%
HighlandTainGlen{morangie}
54%
SpeysideRothesGlen{rothes}
54%
IslandCarbostTalisker
44%
IslandLaggLagg
44%
IslayPort EllenLaphroaig
43%
SpeysideRothesGlen {Spey}
43%
IslayPort AskaigCaol {Ila}
43%
SpeysideKnockandoKnock{ando}
43%
SpeysideElginGlen {Elgin}
43%
HighlandDalwhinnieDal{whinnie}
41%
SpeysideElginGlen {Moray}
41%
LowlandAberargieAber{argie}
41%
HighlandObanOban
41%
SpeysideDufftown{Duff}town
40%
HighlandDumgoyneGlen{goyne}
40%
HighlandFort WilliamBen {Nevis}
40%
CampbeltownCampbeltownSpring{bank}
38%
SpeysideDufftownBal{venie}
37%
IslayPort EllenLagavulin
37%
HighlandTomatinTom{atin}
37%
SpeysideBallindallochGlen{livet}
37%
HighlandAlexandriaLoch {Lomond}
35%
IslandTobermoryTobermory
35%
SpeysideKeithGlen {Keith}
33%
SpeysideKeithStrath{isla}
30%
IslayRinns of IslayBruichladdich
29%
IslandCraighouseJura
29%
SpeysideDrumguishSpey{side}
29%
IslayLoch IndaalBowmore
29%
SpeysideBallindallochGlen{farclas}
27%
CampbeltownCampbeltownGlen {Scotia}
27%
HighlandMuir of OrdGlen {Ord}
27%
IslandLochranzaArran
27%
LowlandClydebank (Dalmuir)Auchentoshan
27%
SpeysideRothesSpey{burn}
24%
IslandKirkwallScapa
24%
IslayPort AskaigBunnahabhain
24%
SpeysideRothesGlen {Grant}
24%
HighlandBallaterRoyal {Lochnagar}
22%
LowlandPencaitlandGlen{kinchie}
21%
IslayKilchomanKilchoman
21%
SpeysideCraigellachieMacallan
21%
SpeysideCraigellachieCraigellachie
17%
HighlandEllonLone{Wolf}
16%
SpeysideBallindallochTom{intoul}
16%
HighlandThurso{Wolf}burn
16%
LowlandGirvan{Ailsa} Bay
16%
LowlandAnnanAnnan{dale}
16%
SpeysideBallindallochBallindalloch
16%
HighlandPitlochryEdradour
16%
SpeysideForresBen{romach}
16%
HighlandBroraClynelish
14%
SpeysideKeithStrath{mill}
14%
HighlandForgueGlen{dronach}
13%
SpeysideTomnavoulinTom{navoulin}
13%
IslandRaasayRaasay
13%
SpeysideMorayBen{Riach}
13%
LowlandWigtownBladnoch
11%
SpeysideKnockandoCardhu
11%
LowlandLevenLeven
11%
HighlandDornochDornoch
11%
HighlandNairnRoyal {Brackla}
10%
SpeysideGlenrinnesAllt {a'} {Bhainne}
10%
IslayPort AskaigArd{nahoe}
10%
HighlandWickPulteney
10%
HighlandEddertonBalblair
10%
SpeysideDufftownGlen{dullan}
10%
SpeysideAberlourBen{rinnes}
10%
HighlandPitlochryBlair Athol
10%
LowlandKingsbarnsKingsbarns
10%
CampbeltownCampbeltownGlen{gyle}
8%
HighlandBlackfordTullibardine
8%
LowlandGlasgowGlasgow
8%
SpeysideBuckieInch{gower}
8%
HighlandCrieffGlen{turret}
8%
HighlandPortsoyGlen{glassaugh}
6%
LowlandCupar{Daft}mill
6%
SpeysideDufftownMortlach
6%
HighlandDouneDeanston
6%
LowlandGuardbridge{Eden} Mill
6%
SpeysideAberlourGlen{allachie}
6%
SpeysideKnockandoTamdhu
5%
SpeysideElginGlen{lossie}
5%
LowlandGlasgowClydeside
5%
SpeysideBallindallochCragganmore
5%
SpeysideElginMiltonduff
5%
HighlandDingwallGlen{Wyvis}
5%
HighlandOldmeldrumGlen {Garioch}
5%
SpeysideDufftownKininvie
5%
SpeysideKeithAultmore
3%
SpeysideMulbenGlen{tauchers}
3%
SpeysideCromdaleBal{menach}
3%
HighlandAlnessTeaninich
3%
SpeysideAberlourDailuaine
3%
IslandUigAbhainn {Dearg}
3%
HighlandsLaurencekirkFettercairn
3%
HighlandBrechinGlen{cadam}
3%
LowlandNewburgh{Lindores} Abbey
3%
IslandTarbertHarris
3%
SpeysideGrantown-on-SpeyTormore
3%
HighlandGlenbegArd{namurchan}
3%
SpeysideAlvesGlen{burgie}
2%
SpeysideBallindallochBraeval
2%
HighlandMethvenStrath{earn}
2%
SpeysideElginRoseisle
2%
HighlandDrimninNcn'{ean}
2%
SpeysideElginMannochmore
2%
SpeysideElginLongmorn
2%
SpeysideElginLinkwood
2%
LowlandHawickBorders
2%
LowlandsGlenrothesInch{dairnie}
2%
HighlandInverkeilorArbikie
0%
SpeysideMulbenAuchroisk
0%
SpeysideBanffMacduff
0%
IslandBorveBarra
0%
IslandTeangueTora{bhraig}
0%
HighlandBanchory{Twin} River
0%
SpeysideCarronDal{munach}
0%

Score Distribution

Percentile by Number Answered

Percent of People with Each Score

Your Score History

You have not taken this quiz since the last reset